載入...

Extreme Value Theory and Applications (Proceedings Vol 1 Maryland 1993)

書目詳細資料
主要作者: Galambos, Janos
其他作者: Galambose, James Lechner, James And Simiu, Email
格式: Printed Book
語言:English
出版: Boston Kluwer Academic Publishers 1994
版:1st ed.
主題:
LEADER 00647nam a2200169Ia 4500
008 101204s9999 xx 000 0 eng d
020 |a 0792328655 
100 |a Galambos, Janos 
245 |a Extreme Value Theory and Applications (Proceedings Vol 1 Maryland 1993) 
250 |a 1st ed. 
260 |b Kluwer Academic Publishers  |a Boston  |c 1994 
300 |a 519 
650 |a Multivariate Analysis 
700 |a Galambose, James Lechner, James And Simiu, Email 
942 |c BK 
999 |c 188749  |d 188749 
952 |0 0  |1 0  |4 0  |6 521_000000000000000_GAL_E  |7 0  |9 208101  |a STA  |b STA  |c ST1  |d 2010-12-04  |i 1350  |l 5  |m 1  |o 521 GAL/E  |p STA1350  |r 2018-12-17  |s 2018-11-19  |w 2010-12-04  |y BK